La Macédoine du Nord pour les touristes... - Statistiques

Statistiques générales
  • Ce quiz a été pris 24 fois
  • Le résultat moyen est 12 sur 20
Statistiques - réponses
Question Indice Réponses % Correct
Quelle sont les langues officielles ? Macédonien
95%
La conduite se fait à droite ou à gauche ? Droite
90%
Dans la capitale y-a-t-il un décalage horaire avec Paris ? (oui/non) Non
90%
Quelles sont les principales villes touristiques ? S Skopje
90%
Quelle autre langue est répandue ? A Anglais
85%
Quelle sont les langues officielles ? Albanais
75%
La vitesse est limitée sur autoroute à {130} km/h
70%
Achats à faire 2/ Bijoux en filigrane d' Ohrid
70%
Quelles sont les principales villes touristiques ? O Ohrid
70%
Le taux d'alcoolémie toléré au volant est de {0.5} g/l
65%
Quelle est la monnaie ? Denar
65%
Quelles sont les principales villes touristiques ? B Bitola
55%
Quels espaces naturels peut-on visiter ? M Canyon de {Matka}
50%
Le suffixe internet est mk
50%
Achats à faire 3/ Pierre rouge Rubis
45%
Quels espaces naturels peut-on visiter ? M Parc de {Mavrovo}
35%
Achats à faire 1/ Chaussons en... Cuir
30%
Quels espaces naturels peut-on visiter ? P Lac de {Prespa}
20%
La religion majoritaire est Orthodoxisme
20%
Quels espaces naturels peut-on visiter ? P Parc national de {Pelister}
5%
Aucun quiz correspondant
Distribution des résultats
% des personnes avec chaque résultat
Percentile par nombre de réponses
Votre historique - résultats
Vous n’avez pas pris ce quiz